Les cures marines en France
Αποθηκεύτηκε σε:
| Κύριος συγγραφέας: | |
|---|---|
| Μορφή: | Βιβλίο |
| Γλώσσα: | French |
| Δημοσίευση: |
Paris :
Centre des hautes etudes touristiques,
1977
|
| Σειρά: | Cahiers du tourisme. Serie A ;
; 22 |
| Θέματα: | |
| Ετικέτες: |
Προσθήκη ετικέτας
Δεν υπάρχουν, Καταχωρήστε ετικέτα πρώτοι!
|
MARC
| LEADER | 00000nam a2200000 i 4500 | ||
|---|---|---|---|
| 001 | 1/68558 | ||
| 008 | 960620s1977 fre d | ||
| 035 | |l 10030222 | ||
| 040 | |a GR-MY-UA |b gre |e aacr | ||
| 041 | 0 | |a fre | |
| 082 | 0 | |a 338.4791 | |
| 100 | 1 | |a Escourrou, Pierre. | |
| 245 | 1 | 4 | |a Les cures marines en France / |c Pierre Escourrou |
| 260 | |a Paris : |b Centre des hautes etudes touristiques, |c 1977 | ||
| 300 | |a 68 p. | ||
| 490 | 1 | |a Cahiers du tourisme. Serie A |v ; 22 | |
| 650 | 0 | 0 | |a Tourism. |
| 830 | 0 | |a Cahiers du tourisme. Serie A ; |v ; 22 | |
| 852 | |a INST |b CHIOS |e 19960620 |h 338.4791 ESC |p 005200007628 |q 005200007628 |t BK |y 0 | ||
| 909 | |a Χ |b 032167 | ||